Pays ou Territoires considérés Paradis Fiscaux par la France - Statistiques

Statistiques générales
  • Ce quiz a été pris 128 fois
  • Le résultat moyen est 3 sur 13
Statistiques - réponses
Réponse % Correct
Panama
69%
Bahamas
68%
Seychelles
32%
Fidji
29%
Vanuatu
29%
Samoa
25%
Trinité-et-Tobago
22%
Iles Vierges Britanniques
19%
Iles Vierges Américaines
17%
Oman
12%
Guam
11%
Anguilla
9%
Samoa Américaines
8%
Aucun quiz correspondant
Distribution des résultats
% des personnes avec chaque résultat
Percentile par nombre de réponses
Votre historique - résultats
Vous n’avez pas pris ce quiz